000 00848nam a2200289Ia 4500
003 OSt
005 20220918164724.0
006 a|||||r|||| 00| 0
007 ta
008 220917b |||||||| |||| 00| 0 eng d
020 _a0716700492 (hbk)
024 _a10,497
037 _cTextual
040 _aARTS
_cARTS
_beng
041 _2eng
_aeng
082 _aSN1:f, L4
100 _aMeyers Lawrence S.
_920275
245 0 _aBehavioral research
_b Theory, procedure, and design
260 _aSan
_bFrancisco W H Freeman USA
_c1974
300 _ax,355p.
_ccm.
490 _aSeries of books in psychology ed by Richard C Atkinson
500 _aAppendix 230-346p
650 _aPSYCHOLOGY
700 _a Grossen Neal E.
_920276
942 _hSN1:f, L4
_cTEXL
_2CC
999 _c126161
_d126161